Vista normal
Vista MARC
Entrada Materia (personas)
Número de registros utilizados en: 1
001 - CONTROL NUMBER
- control field: 128559
003 - CONTROL NUMBER IDENTIFIER
- control field: Co-BoUCM
005 - DATE AND TIME OF LATEST TRANSACTION
- control field: 20211020104940.0
008 - FIXED-LENGTH DATA ELEMENTS
- fixed length control field: 211020|| aca||aabn | a|a d
040 ## - CATALOGING SOURCE
- Original cataloging agency: Co-BoUCM
- Transcribing agency: Co-BoUCM
100 ## - HEADING--PERSONAL NAME
- Personal name: Herrán Robles, Carlos Alberto
- Titles and other words associated with a name: Coronel
670 ## - SOURCE DATA FOUND
- Source citation: Work cat.: (Co-BoUCM)40253: Reflexiones del bicentenario de la independencia de los países iberoamericanos desde la óptica de los colegios de defensa de Iberoamérica, 2012